| 000 | 00538nam a2200181 i 4500 | ||
|---|---|---|---|
| 001 | 23141 | ||
| 003 | ES-MaACL | ||
| 005 | 20230906152825.0 | ||
| 007 | t| | ||
| 008 | 021209s1962 sp ||||1| spa d | ||
| 100 | 1 |
_aAlonso, Justo M. _920221 |
|
| 245 | 1 | 0 |
_aManual de Otorrinolaringología / _cpor Justo M. Alonso y Justo E. Alonso Regules. |
| 250 | _a2ª ed. | ||
| 260 |
_aMadrid : _bPaz Montalvo, _c[1962] |
||
| 300 |
_a318 p. : _bil. ; _c24 cm. |
||
| 700 | 1 |
_aAlonso Regules, Justo E. _920388 |
|
| 852 |
_aES-MaACL _jC-22836 _bR.50896 |
||
| 999 |
_c23141 _d23141 |
||